[Event "It (open)"]
[Site "Caorle (Italy)"]
[Round "8"]
[White "Tolnai Tibor (HUN)"]
[Black "Portenier Juerg"]
[Result "1-0"]
[WhiteElo "2470"]
[BlackElo "2230"]

1.e4 e6 2.d4 d5 3.Nd2 Nf6 4.e5 Nfd7 5.c3 c5 6.Bd3 Nc6 7.Ne2 cxd4 8.cxd4 f6
9.exf6 Nxf6 10.Nf3 Bd6 11.O-O Qc7 12.Nc3 a6 13.Bg5 O-O 14.Bh4 Nh5 15.Rc1 g6
16.Be2 Qg7 17.Na4 Nf4 18.Nb6 Nxe2+ 19.Qxe2 Nxd4 20.Nxd4 Qxd4 21.Nxa8 Bxh2+
22.Kxh2 Qxh4+ 23.Kg1 {#r} 1-0

[Event "Ch Czechoslovakia (w)"]
[Site "Frenstat pod Radhostem (Czech Republic)"]
[Round "10"]
[White "Skacelova-Zahorovska Libuse (CZE)"]
[Black "Jankurova Julia (SVK)"]
[Result "1-0"]
[WhiteElo "2100"]
[BlackElo "2070"]

1.e4 e6 2.d4 d5 3.Nd2 Nf6 4.e5 Nfd7 5.c3 c5 6.Bd3 Nc6 7.Ne2 cxd4 8.cxd4 f6
9.exf6 Nxf6 10.Nf3 Bd6 11.O-O Qc7 12.Bg5 O-O 13.Bh4 Nh5 14.Qc2 g6 15.Bxg6 hxg6
16.Qxg6+ Qg7 17.Qxh5 Rf5 18.Bg5 Bd7 19.Qh6 Rxg5 20.Qxg5 Qxg5 21.Nxg5 Kg7 22.f4
{#r} 1-0

[Event "Bundesliga 1989/90"]
[Site "Germany"]
[Round "0"]
[White "Pirrot Dieter (GER)"]
[Black "Hertneck Gerald (GER)"]
[Result "0-1"]
[WhiteElo "2385"]
[BlackElo "2547"]

1.e4 e6 2.d4 d5 3.Nd2 Nf6 4.e5 Nfd7 5.Bd3 c5 6.c3 Nc6 7.Ne2 cxd4 8.cxd4 f6
9.Nf4 Nxd4 10.Qh5+ Ke7 11.exf6+ Nxf6 12.Ng6+ hxg6 13.Qxh8 Kf7 14.O-O e5 15.Nf3
Nxf3+ 16.gxf3 Nh5 17.Bxg6+ Kxg6 18.Kh1 Qh4 19.Qxf8 Kh7 20.Rg1 Qxf2 21.Qf7 Bg4
{#R} 0-1

[Event "Ch \"]
[Site "Lugansk (Ukraine)"]
[Round "7"]
[White "Blodstein Arkady (ISR)"]
[Black "Danielian Oganes (ARM)"]
[Result "1-0"]
[WhiteElo "2285"]
[BlackElo "2530"]

1.e4 e6 2.d4 d5 3.Nd2 Nf6 4.Bd3 c5 5.e5 Nfd7 6.c3 Nc6 7.Ne2 cxd4 8.cxd4 Qb6
9.Nf3 f6 10.exf6 Nxf6 11.O-O Bd6 12.Nc3 O-O 13.Bg5 Bd7 14.Re1 Kh8 15.Bc2 Rae8
16.a3 a5 17.Qd3 Re7 18.Bxf6 gxf6 19.Nxd5 {#r} 1-0

[Event "It (open)"]
[Site "Val Thorens (France)"]
[Round "0"]
[White "Bardier T"]
[Black "Huque R (BAN)"]
[Result "0-1"]
[WhiteElo "1790"]
[BlackElo "2285"]

1.e4 e6 2.d4 d5 3.Nd2 Nf6 4.e5 Nfd7 5.Bd3 c5 6.c3 Nc6 7.Ne2 cxd4 8.cxd4 f6
9.exf6 Nxf6 10.O-O Bd6 11.Nf3 Qc7 12.Nc3 a6 13.Bg5 O-O 14.Re1 Ng4 15.h3 Nxf2
16.Kxf2 Nxd4 17.Bh4 Bc5 18.Kf1 Qh2 19.Bf2 Rxf3 20.gxf3 Qxh3+ {#R} 0-1

[Event "It (open)"]
[Site "Val Thorens (France)"]
[Round "0"]
[White "Tompa Janos (HUN)"]
[Black "Le Duigou Jean-Guy (FRA)"]
[Result "1-0"]
[WhiteElo "2398"]
[BlackElo "2007"]

1.e4 e6 2.d4 d5 3.Nd2 Nf6 4.e5 Nfd7 5.Bd3 c5 6.c3 Nc6 7.Ne2 cxd4 8.cxd4 f6
9.exf6 Nxf6 10.O-O Bd6 11.f4 O-O 12.Nf3 Qb6 13.Kh1 Bd7 14.Nc3 Rae8 15.Be3 Ne7
16.Ne5 Nf5 17.Bxf5 exf5 18.Nxd7 Nxd7 19.Nxd5 Qxb2 20.a4 {#r} 1-0

[Event "It (open)"]
[Site "Baden-Baden (Germany)"]
[Round "0"]
[White "Womacka Mathias (GER)"]
[Black "Gerczuk Michael (GER)"]
[Result "1-0"]
[WhiteElo "2459"]
[BlackElo "2115"]

1.e4 e6 2.d4 d5 3.Nd2 Nf6 4.Bd3 c5 5.e5 Nfd7 6.c3 Nc6 7.Ne2 cxd4 8.cxd4 f6
9.exf6 Qxf6 10.Nf3 Bd6 11.O-O O-O 12.a3 e5 13.Qb3 Nb6 14.dxe5 Nxe5 15.Nxe5
Bxe5 16.f4 Bd6 17.Be3 Nc4 18.Bd4 Qf7 19.Rad1 Bg4 20.h3 Bxe2 21.Bxe2 Kh8 22.Qg3
Rae8 23.Qxg7+ {#r} 1-0

[Event "Ch Bayern"]
[Site "Bayern (Germany)"]
[Round "0"]
[White "Roeder Frank (GER)"]
[Black "Martin Thomas (GER)"]
[Result "1-0"]
[WhiteElo "2190"]
[BlackElo "2282"]

1.e4 e6 2.d4 d5 3.Nd2 Nf6 4.e5 Nfd7 5.Bd3 c5 6.c3 Nc6 7.Ne2 cxd4 8.cxd4 f6
9.Nf4 fxe5 10.Nxe6 Qb6 11.Qh5+ Ke7 12.Nxf8 Rxf8 13.Qxh7 Qxd4 14.Nf3 Qg4
15.Bg5+ Kd6 16.Qxg7 Qb4+ 17.Bd2 Qxb2 18.Rd1 Nb4 19.Be4 Nxa2 20.O-O Nc3 21.Bxc3
Qxc3 22.Bxd5 {#r} 1-0

[Event "It (open)"]
[Site "Bratislava (Slovakia)"]
[Round "9"]
[White "Gazi Mikulas (SVK)"]
[Black "Kertesz Ferenc (HUN)"]
[Result "1-0"]
[WhiteElo "2116"]
[BlackElo "2270"]

1.e4 e6 2.d4 d5 3.Nd2 Nf6 4.e5 Nfd7 5.Bd3 c5 6.c3 Nc6 7.Ne2 cxd4 8.cxd4 f6
9.Nf4 Nxd4 10.Qh5+ Ke7 11.Ng6+ hxg6 12.exf6+ Kxf6 13.Qxh8 e5 14.Qh4+ g5 {#r}
1-0

[Event "Ch BRD (qual)"]
[Site "BRD"]
[Round "0"]
[White "Roeder Frank (GER)"]
[Black "Schaefer Markus (GER)"]
[Result "0-1"]
[WhiteElo "2190"]
[BlackElo "2399"]

1.e4 e6 2.d4 d5 3.Nd2 Nf6 4.e5 Nfd7 5.c3 c5 6.Bd3 Nc6 7.Ne2 cxd4 8.cxd4 f6
9.Nf4 Nxd4 10.Qh5+ Ke7 11.Ng6+ hxg6 12.exf6+ Nxf6 13.Qxh8 Kf7 14.O-O e5 15.b3
e4 16.Bb2 Qb6 17.Bb1 Bb4 18.Rd1 Bxd2 19.Rxd2 Qb4 20.Rd1 Bg4 21.a3 Qxb3 22.Ba2
Rxh8 23.Bxb3 Nxb3 {#R} 0-1

[Event "?"]
[Site "corr."]
[Round "0"]
[White "Pipitone Antonio (ITA)"]
[Black "Hutchings Stuart J (WLS)"]
[Result "1-0"]
[WhiteElo "1971"]
[BlackElo "2325"]

1.e4 e6 2.d4 d5 3.Nd2 Nf6 4.e5 Nfd7 5.Bd3 c5 6.c3 Nc6 7.Ne2 Qb6 8.Nf3 cxd4
9.cxd4 f6 10.exf6 Nxf6 11.O-O Bd6 12.Nc3 O-O 13.Be3 Bd7 14.a3 Be8 15.Ng5 Ne7
16.Qe2 Bc7 17.Bd2 Bd7 18.Nb5 Bxb5 19.Bxb5 a6 20.Qxe6+ Kh8 21.Qxe7 Bd6 22.Qe6
axb5 23.Bb4 {#r} 1-0

[Event "It (open)"]
[Site "Moscow (Russia)"]
[Round "4"]
[White "Baumgartner Jakob"]
[Black "Lenz Juergen (GER)"]
[Result "1-0"]
[WhiteElo "1835"]
[BlackElo "2235"]

1.e4 e6 2.d4 d5 3.Nd2 Nf6 4.e5 Nfd7 5.Bd3 c5 6.c3 Nc6 7.Ne2 cxd4 8.cxd4 Qb6
9.Nf3 f6 10.exf6 Nxf6 11.O-O Bd6 12.Nc3 Bd7 13.Be3 Rc8 14.a3 Ne7 15.Re1 Ng6
16.Qd2 O-O 17.Ne5 Nxe5 18.dxe5 d4 19.Bxd4 Bc5 20.Bxc5 Qxc5 21.exf6 Rxf6 22.Ne4
{#r} 1-0

[Event "It"]
[Site "Muenster (Germany)"]
[Round "7"]
[White "Schaefer Markus (GER)"]
[Black "Kamp Christoph (GER)"]
[Result "1-0"]
[WhiteElo "2399"]
[BlackElo "2265"]

1.e4 e6 2.d4 d5 3.Nd2 Nf6 4.e5 Nfd7 5.c3 c5 6.Bd3 Nc6 7.Ne2 cxd4 8.cxd4 Qb6
9.Nf3 f6 10.exf6 Nxf6 11.O-O Bd6 12.Bf4 Bxf4 13.Nxf4 O-O 14.Qd2 Kh8 15.Ng5
Qxd4 16.Nfxe6 Ne4 17.Qe2 Qf6 18.Bxe4 dxe4 19.Qxe4 g6 20.Qh4 {#r} 1-0

[Event "It (open)"]
[Site "Toulouse (France)"]
[Round "7"]
[White "Dzevlan Miralem (BIH)"]
[Black "Pytel Bozena (FRA)"]
[Result "1-0"]
[WhiteElo "2369"]
[BlackElo "1919"]

1.e4 e6 2.d4 d5 3.Nd2 Nf6 4.e5 Nfd7 5.Bd3 c5 6.c3 Nc6 7.Ne2 cxd4 8.cxd4 f6
9.exf6 Nxf6 10.Nf3 Bd6 11.O-O Qc7 12.Nc3 a6 13.Bg5 O-O 14.Bh4 Nh5 15.Re1 g6
16.Bg5 Qg7 17.Be3 Bd7 18.Bf1 Rae8 19.g3 Rxf3 20.Qxf3 Nxd4 21.Qd1 Nf5 22.Bb6
Nf6 23.Bg2 {#r} 1-0

[Event "It (open)"]
[Site "Toulouse (France)"]
[Round "2"]
[White "Gautier Serge (FRA)"]
[Black "Kinsman Andrew P H (ENG)"]
[Result "0-1"]
[WhiteElo "2141"]
[BlackElo "2403"]

1.e4 e6 2.d4 d5 3.Nd2 Nf6 4.e5 Nfd7 5.c3 c5 6.Bd3 Nc6 7.Ne2 cxd4 8.cxd4 f6
9.exf6 Nxf6 10.O-O Bd6 11.Nf3 Qb6 12.Nc3 O-O 13.a3 Bd7 14.Be3 Kh8 15.Qc2 Rac8
16.Rad1 Qd8 17.Qe2 Be8 18.Ng5 Qe7 19.Bb1 Bh5 20.f3 e5 21.Nb5 Bb8 22.Bf2 a6
23.dxe5 axb5 {#R} 0-1

[Event "It (open)"]
[Site "Bad Neustadt (Germany)"]
[Round "5"]
[White "Dorst Johannes (GER)"]
[Black "Jahrsdoerfer Gerd (GER)"]
[Result "1-0"]
[WhiteElo "2192"]
[BlackElo "2176"]

1.e4 e6 2.d4 d5 3.Nd2 Nf6 4.e5 Nfd7 5.Bd3 c5 6.c3 Nc6 7.Ne2 cxd4 8.cxd4 f6
9.exf6 Nxf6 10.O-O Bd6 11.Nf3 Qc7 12.Bg5 O-O 13.Rc1 Ng4 14.Ng3 g6 15.h3 e5
16.hxg4 e4 17.Nxe4 dxe4 18.Bxe4 Bxg4 19.d5 Qa5 20.dxc6 Bxf3 21.Bxf3 Qxg5
22.Qxd6 Rxf3 23.cxb7 {#r} 1-0

[Event "It (open)"]
[Site "Bled (Slovenia)"]
[Round "0"]
[White "Gluzman Mikhail (AUS)"]
[Black "Zontakh Andrey (UKR)"]
[Result "0-1"]
[WhiteElo "2403"]
[BlackElo "2569"]

1.e4 e6 2.d4 d5 3.Nd2 Nf6 4.e5 Nfd7 5.Bd3 c5 6.c3 Nc6 7.Ne2 cxd4 8.cxd4 f6
9.exf6 Nxf6 10.O-O Bd6 11.Nf3 Qc7 12.Nc3 a6 13.Bg5 O-O 14.Re1 Ng4 15.h3 Bh2+
16.Kf1 Nxf2 17.Kxf2 Qg3+ 18.Ke3 Rxf3+ 19.Qxf3 Qxg5+ 20.Kf2 Nxd4 21.Qg4 Qf6+
{#R} 0-1

[Event "It (open) \"]
[Site "Bratislava (Slovakia)"]
[Round "3"]
[White "Sorsak Jozef Sr (SVK)"]
[Black "Hromada Pavel (CZE)"]
[Result "0-1"]
[WhiteElo "2125"]
[BlackElo "2188"]

1.e4 e6 2.d4 d5 3.Nd2 Nf6 4.e5 Nfd7 5.Bd3 c5 6.c3 Nc6 7.Ne2 Qb6 8.Nf3 cxd4
9.cxd4 f6 10.exf6 Nxf6 11.O-O Bd6 12.Nc3 O-O 13.Qe2 Nxd4 14.Nxd4 Qxd4 15.Be3
Bxh2+ 16.Kxh2 Qh4+ 17.Kg1 Ng4 18.Bxh7+ Kh8 19.Qxg4 Qxg4 20.f3 Qb4 {#R} 0-1

[Event "It (open) \"]
[Site "Bratislava (Slovakia)"]
[Round "6"]
[White "Sventek Anton (SVK)"]
[Black "Pacl Vaclav (CZE)"]
[Result "0-1"]
[WhiteElo "2106"]
[BlackElo "2179"]

1.e4 e6 2.d4 d5 3.Nd2 Nf6 4.e5 Nfd7 5.Bd3 c5 6.c3 Nc6 7.Ne2 Qb6 8.Nf3 cxd4
9.cxd4 f6 10.exf6 Nxf6 11.O-O Bd6 12.Nf4 O-O 13.Re1 Bd7 14.Nxe6 Rfe8 15.Nf4
Rxe1+ 16.Qxe1 Nxd4 17.Qd1 Re8 18.Nxd4 Qxd4 19.Ne2 Bxh2+ 20.Kf1 Qh4 21.Be3 Rxe3
{#R} 0-1

[Event "It"]
[Site "Cheliabinsk (Russia)"]
[Round "0"]
[White "Masternak Grzegorz (POL)"]
[Black "Ulibin Mikhail (RUS)"]
[Result "0-1"]
[WhiteElo "2328"]
[BlackElo "2565"]

1.e4 e6 2.d4 d5 3.Nd2 Nf6 4.e5 Nfd7 5.c3 c5 6.Bd3 Nc6 7.Ne2 cxd4 8.cxd4 f6
9.exf6 Nxf6 10.O-O Bd6 11.f4 Qb6 12.Nf3 O-O 13.Kh1 Bd7 14.Nc3 Ne7 15.Ne5 Be8
16.g4 Rd8 17.a3 Ne4 18.Bxe4 dxe4 19.Qe2 Nd5 20.Nxd5 exd5 21.Qe3 Bxe5 22.dxe5
d4 {#R} 0-1

[Event "Cup Arnold"]
[Site "Gausdal (Norway)"]
[Round "0"]
[White "Svidler Peter (RUS)"]
[Black "Antonsen Mikkel (DEN)"]
[Result "1-0"]
[WhiteElo "2740"]
[BlackElo "2325"]

1.e4 e6 2.d4 d5 3.Nd2 Nf6 4.e5 Nfd7 5.c3 c5 6.Bd3 Nc6 7.Ne2 cxd4 8.cxd4 Qb6
9.O-O f6 10.Nf4 fxe5 11.Qh5+ Ke7 12.dxe5 Ndxe5 13.Re1 Kd6 14.Nf3 Nxf3+ 15.Qxf3
Be7 16.Nxe6 {#r} 1-0

[Event "It (open)"]
[Site "Hania (Greece)"]
[Round "0"]
[White "Tzermiadianos Andreas (GRE)"]
[Black "Maksimovic Branimir (SRB)"]
[Result "1-0"]
[WhiteElo "2438"]
[BlackElo "2455"]

1.e4 e6 2.d4 d5 3.Nd2 Nf6 4.e5 Nfd7 5.Bd3 c5 6.c3 Nc6 7.Ne2 cxd4 8.cxd4 f6
9.exf6 Nxf6 10.O-O Bd6 11.Nf3 O-O 12.Bf4 Bxf4 13.Nxf4 Ne4 14.g3 Ng5 15.Ne5
Nxe5 16.dxe5 Rxf4 17.gxf4 Nh3+ 18.Kh1 Qh4 19.Qf3 Nxf4 20.Rg1 Nxd3 21.Rxg7+
{#r} 1-0

[Event "It (open)"]
[Site "Palma de Majorca (Spain)"]
[Round "31"]
[White "Zarnicki Pablo (ARG)"]
[Black "Castro Jose (PER)"]
[Result "1-0"]
[WhiteElo "2520"]
[BlackElo "1990"]

1.e4 e6 2.d4 d5 3.Nd2 Nf6 4.e5 Nfd7 5.Bd3 c5 6.c3 Nc6 7.Ne2 cxd4 8.cxd4 f6
9.exf6 Nxf6 10.Nf3 Bd6 11.O-O O-O 12.Bf4 Bxf4 13.Nxf4 Qd6 14.g3 Bd7 15.Re1
Rae8 16.Ne5 a6 17.Rc1 Nxd4 18.Bxh7+ Kxh7 19.Qxd4 Kg8 20.Nfg6 Rc8 21.Qh4 Nh7
22.Ne7+ {#r} 1-0

[Event "It (open)"]
[Site "Polanica Zdroj (Poland)"]
[Round "0"]
[White "Kveinys Aloyzas (LTU)"]
[Black "Chmielarz Zenon (POL)"]
[Result "1-0"]
[WhiteElo "2470"]
[BlackElo "2130"]

1.e4 e6 2.d4 d5 3.Nd2 Nf6 4.e5 Nfd7 5.c3 c5 6.Bd3 Nc6 7.Ne2 Qb6 8.Nf3 cxd4
9.cxd4 f6 10.exf6 Nxf6 11.O-O Bd6 12.Bf4 Bxf4 13.Nxf4 O-O 14.Qd2 Bd7 15.Rfe1
Rae8 16.Rad1 Qc7 17.g3 Kh8 18.Ne5 Nxd4 19.Bxh7 Qxe5 20.Ng6+ Kxh7 21.Nxe5 {#r}
1-0

[Event "It (sheveningen)"]
[Site "Rio de Janeiro (Brazil)"]
[Round "6"]
[White "Miranda Marcio M C (BRA)"]
[Black "Rodriguez Andres (URU)"]
[Result "0-1"]
[WhiteElo "2273"]
[BlackElo "2505"]

1.d4 e6 2.e4 d5 3.Nd2 Nf6 4.e5 Nfd7 5.Bd3 c5 6.c3 Nc6 7.Ne2 cxd4 8.cxd4 f6
9.exf6 Nxf6 10.Nf3 Bd6 11.O-O Qc7 12.Nc3 a6 13.Bg5 O-O 14.Rc1 Bd7 15.Bb1 Be8
16.Re1 Bh5 17.h3 Bxf3 18.Qxf3 Ne4 {#R} 0-1

[Event "It (open)"]
[Site "Ticino (Switzerland)"]
[Round "0"]
[White "Horvath Tamas I (HUN)"]
[Black "Ruf Matthias (GER)"]
[Result "0-1"]
[WhiteElo "2318"]
[BlackElo "2350"]

1.e4 e6 2.d4 d5 3.Nd2 Nf6 4.Bd3 c5 5.e5 Nfd7 6.c3 Nc6 7.Ne2 cxd4 8.cxd4 f6
9.exf6 Nxf6 10.Nf3 Bd6 11.O-O O-O 12.Bg5 Bd7 13.Bh4 Qb6 14.Qb1 Kh8 15.Bg3 Bxg3
16.hxg3 Rae8 17.b3 e5 18.dxe5 Nxe5 19.Nxe5 Rxe5 20.Qb2 Ng4 {#R} 0-1

[Event "Ch World (juniors)"]
[Site "Warsaw (Poland)"]
[Round "0"]
[White "Sandu Marius Stefan (ROM)"]
[Black "Bobrowska Monika (POL)"]
[Result "0-1"]
[WhiteElo "2291"]
[BlackElo "2438"]

1.e4 e6 2.d4 d5 3.Nd2 Nf6 4.e5 Nfd7 5.Bd3 c5 6.c3 Nc6 7.Ne2 cxd4 8.cxd4 f6
9.exf6 Nxf6 10.Nf3 Bd6 11.Bf4 Bxf4 12.Nxf4 O-O 13.O-O Ne4 14.g3 Ng5 15.Nxg5
Qxg5 16.Re1 Rxf4 17.Qc1 Rg4 18.f4 Rxg3+ 19.hxg3 Qxg3+ 20.Kh1 Qxd3 21.Re3 Qxd4
22.Rf3 Qe4 23.Qf1 Nd4 {#R} 0-1

[Event "It (open)"]
[Site "Aviles (Spain)"]
[Round "0"]
[White "Busto Campa Jorge (ESP)"]
[Black "Matamoros Franco Carlos S (ECU)"]
[Result "0-1"]
[WhiteElo "1934"]
[BlackElo "2415"]

1.e4 e6 2.d4 d5 3.Nd2 Nf6 4.e5 Nfd7 5.Bd3 c5 6.c3 Nc6 7.Ne2 cxd4 8.cxd4 f6
9.exf6 Nxf6 10.O-O Bd6 11.Nf3 O-O 12.Bf4 Bxf4 13.Nxf4 Qd6 14.g3 Ng4 15.Bxh7+
Kxh7 16.Ng5+ Kg8 17.Qxg4 e5 18.dxe5 Qh6 19.e6 Ne5 20.Qh3 Qxg5 {#R} 0-1

[Event "It (open)"]
[Site "Bochum (Germany)"]
[Round "1"]
[White "Happe Ulrich"]
[Black "Kummerow Heiko (GER)"]
[Result "0-1"]
[WhiteElo "1820"]
[BlackElo "2240"]

1.e4 e6 2.d4 d5 3.Nd2 Nf6 4.e5 Nfd7 5.Bd3 c5 6.c3 Nc6 7.Ne2 cxd4 8.cxd4 f6
9.exf6 Qxf6 10.Nf3 Bd6 11.Bg5 Qf7 12.O-O O-O 13.Bh4 e5 14.Bxh7+ Kh8 15.dxe5
Ndxe5 16.Nxe5 Nxe5 17.Bc2 Qh5 18.Bg3 Bg4 19.Re1 Rxf2 20.Bxe5 Rxg2+ 21.Kxg2
Qh3+ 22.Kg1 Qe3+ {#R} 0-1

[Event "It (open) \"]
[Site "Buenos Aires (Argentina)"]
[Round "3"]
[White "Sosa Luis (PUR)"]
[Black "Cativelli Gerardo (ARG)"]
[Result "0-1"]
[WhiteElo "2133"]
[BlackElo "2178"]

1.e4 e6 2.d4 d5 3.Nd2 Nf6 4.e5 Nfd7 5.Bd3 c5 6.c3 Nc6 7.Ne2 cxd4 8.cxd4 Nb6
9.O-O Be7 10.a3 g6 11.b4 Bd7 12.Nb3 h5 13.Nc5 Rb8 14.Qc2 Qc8 15.Bxg6 fxg6
16.Qxg6+ Kd8 17.Bg5 Kc7 18.Bxe7 Nxe7 19.Rac1 Nc4 20.Qf6 Nf5 21.Nf4 Rh6
22.Ncxe6+ Bxe6 23.Nxd5+ Bxd5 {#R} 0-1

[Event "It (open)"]
[Site "Calcutta (India)"]
[Round "5"]
[White "Antonio Rogelio Jr (PHI)"]
[Black "Rahman Ziaur (BAN)"]
[Result "0-1"]
[WhiteElo "2520"]
[BlackElo "2360"]

1.e4 e6 2.d4 d5 3.Nd2 Nf6 4.e5 Nfd7 5.Bd3 c5 6.c3 Nc6 7.Ne2 cxd4 8.cxd4 f6
9.exf6 Nxf6 10.Nf3 Bd6 11.O-O Qb6 12.Nc3 a6 13.Bg5 O-O 14.Bh4 Nh5 15.Re1 g6
16.Bg5 Nxd4 17.Nxd4 Bxh2+ 18.Kh1 Rxf2 19.Bh4 Bg3 20.Qg4 Qb4 21.Bf5 Bxh4
22.Bxe6+ Bxe6 23.Qxe6+ Kf8 {#R} 0-1

[Event "Bundesliga 1991/92"]
[Site "Germany"]
[Round "0"]
[White "Womacka Mathias (GER)"]
[Black "Rausch Stephan (GER)"]
[Result "1-0"]
[WhiteElo "2459"]
[BlackElo "2325"]

1.e4 e6 2.d4 d5 3.Nd2 Nf6 4.Bd3 c5 5.e5 Nfd7 6.c3 Nc6 7.Ne2 cxd4 8.cxd4 Qb6
9.Nf3 f6 10.exf6 Nxf6 11.O-O Bd6 12.Nc3 O-O 13.Be3 Bd7 14.Rc1 Ng4 15.Bxh7+ Kh8
16.Ng5 Bxh2+ 17.Kh1 e5 18.dxe5 Qd8 19.e6 Bxe6 20.Nxe6 Qh4 21.Bg5 Qxh7 22.Qxg4
Bf4+ 23.Qh4 Bxc1 {#r} 1-0

[Event "It (open)"]
[Site "Giessen (Germany)"]
[Round "0"]
[White "Johnen Daniel (GER)"]
[Black "De Luca Claudio (GER)"]
[Result "0-1"]
[WhiteElo "2139"]
[BlackElo "2230"]

1.e4 e6 2.d4 d5 3.Nd2 Nf6 4.e5 Nfd7 5.Bd3 c5 6.c3 Nc6 7.Ne2 Qb6 8.Nf3 cxd4
9.cxd4 f6 10.exf6 Nxf6 11.O-O Bd6 12.Bf4 Bxf4 13.Nxf4 O-O 14.Re1 Qxb2 15.Ng5
Nxd4 16.Rb1 Qc3 17.Rc1 Qb4 18.Rc7 Nc2 19.Bxh7+ Nxh7 20.Rxg7+ Kxg7 21.Nh5+ Kh6
22.Re5 Qd4 23.Qc1 Qa1 {#R} 0-1

[Event "Ch Hungary (team)"]
[Site "Hungary"]
[Round "0"]
[White "Borocz Istvan (HUN)"]
[Black "Rosta Sandor (HUN)"]
[Result "1-0"]
[WhiteElo "1855"]
[BlackElo "2141"]

1.e4 e6 2.d4 d5 3.Nd2 Nf6 4.e5 Nfd7 5.Bd3 c5 6.c3 Nc6 7.Ne2 Qb6 8.Nf3 cxd4
9.cxd4 Bb4+ 10.Kf1 f6 11.Nf4 Nd8 12.Qc2 f5 13.g4 fxg4 14.Ng5 h6 15.Bg6+ Kf8
16.Ngxe6+ Nxe6 17.Qf5+ Nf6 18.exf6 Ng5 19.Qe5 gxf6 20.Qe8+ {#r} 1-0

[Event "It (open)"]
[Site "Huy (Belgium)"]
[Round "6"]
[White "Monaville Guy (BEL)"]
[Black "Komarov Dimitri (UKR)"]
[Result "0-1"]
[WhiteElo "2139"]
[BlackElo "2455"]

1.e4 e6 2.d4 d5 3.Nd2 Nf6 4.e5 Nfd7 5.Bd3 c5 6.c3 Nc6 7.Ne2 cxd4 8.cxd4 f6
9.exf6 Nxf6 10.Nf3 Qc7 11.O-O Bd6 12.Nc3 a6 13.Bg5 O-O 14.Rc1 Bd7 15.Re1 Ng4
16.h3 Bh2+ 17.Kf1 Nxf2 {#R} 0-1

[Event "Ch Czech Republic (juniors) (under 20)"]
[Site "Neratovice (Czech Republic)"]
[Round "0"]
[White "Smid Jaroslav (CZE)"]
[Black "Hanzl R"]
[Result "1-0"]
[WhiteElo "2005"]
[BlackElo "1890"]

1.e4 e6 2.d4 d5 3.Nd2 Nf6 4.e5 Nfd7 5.Bd3 c5 6.c3 Nc6 7.Ne2 Qb6 8.Nf3 f6 9.Nf4
cxd4 10.cxd4 Bb4+ 11.Kf1 Ke7 12.exf6+ gxf6 13.Qe2 Nxd4 14.Nxd5+ {#r} 1-0

[Event "Ch Netherlands (juniors) (under 20)"]
[Site "Nijmegen (Netherlands)"]
[Round "0"]
[White "Slingerland Fred (NED)"]
[Black "Lemmers Oscar (NED)"]
[Result "1-0"]
[WhiteElo "2379"]
[BlackElo "2382"]

1.e4 e6 2.d4 d5 3.Nd2 Nf6 4.e5 Nfd7 5.Bd3 c5 6.c3 Nc6 7.Ne2 cxd4 8.cxd4 f6
9.exf6 Nxf6 10.Nf3 Bd6 11.O-O Qc7 12.Bg5 O-O 13.Rc1 a6 14.h3 h6 15.Be3 Nh5
16.Bb1 g5 17.Ne5 Bxe5 18.dxe5 Qg7 19.Nd4 Nxd4 20.Qxd4 Rf7 21.g3 Qf8 22.Bg6 Ng7
23.Bxf7+ Qxf7 24.Qb6 {#r} 1-0

[Event "It"]
[Site "Rishon le Zion (Israel)"]
[Round "0"]
[White "Gruenfeld Yehuda (ISR)"]
[Black "Afek Yochanan (ISR)"]
[Result "1-0"]
[WhiteElo "2480"]
[BlackElo "2299"]

1.e4 e6 2.d4 d5 3.Nd2 Nf6 4.e5 Nfd7 5.c3 c5 6.Bd3 Nc6 7.Ne2 cxd4 8.cxd4 f6
9.exf6 Nxf6 10.O-O Bd6 11.Nf3 Qc7 12.Nc3 a6 13.h3 O-O 14.Be3 e5 15.Nxd5 Nxd5
16.Bc4 Ne7 17.Rc1 Qd7 18.dxe5 Bb8 19.Bc5 Rf4 20.Bxe7 Rxc4 21.Rxc4 Nxe7 22.Qb3
Kf8 23.Rf4+ {#r} 1-0

[Event "It"]
[Site "Sevilla (Spain)"]
[Round "0"]
[White "Zapata Alonso (COL)"]
[Black "Matamoros Franco Carlos S (ECU)"]
[Result "1-0"]
[WhiteElo "2530"]
[BlackElo "2415"]

1.e4 e6 2.d4 d5 3.Nd2 Nf6 4.e5 Nfd7 5.c3 c5 6.Bd3 Nc6 7.Ne2 cxd4 8.cxd4 f6
9.exf6 Nxf6 10.Nf3 Bd6 11.O-O O-O 12.Bf4 Bxf4 13.Nxf4 Qd6 14.g3 Ng4 15.Qd2 e5
16.dxe5 Qh6 17.h4 Ngxe5 18.Be2 Rd8 19.Rad1 d4 20.Rfe1 Qf6 21.Nxe5 Nxe5 22.Qa5
Kh8 23.Qc7 Bd7 {#r} 1-0

[Event "Ch St. Petersburg (open)"]
[Site "St. Petersburg (Russia)"]
[Round "0"]
[White "Lukin Andrei M (RUS)"]
[Black "Ilinsky Vladimir (KGZ)"]
[Result "1-0"]
[WhiteElo "2435"]
[BlackElo "2291"]

1.e4 e6 2.d4 d5 3.Nd2 Nf6 4.Bd3 c5 5.e5 Nfd7 6.c3 Nc6 7.Ne2 cxd4 8.cxd4 f6
9.exf6 Nxf6 10.Nf3 Bd6 11.O-O Qc7 12.Bg5 O-O 13.Rc1 Ng4 14.h3 Rxf3 15.hxg4 Rf8
16.Bb1 Qf7 17.Rc3 e5 18.Rf3 Qe6 19.Bf5 Qe8 20.dxe5 Bxe5 21.Qxd5+ Kh8 22.Bg6
{#r} 1-0

[Event "It (open)"]
[Site "Athens (Greece)"]
[Round "3"]
[White "Kofidis Spyridon (GRE)"]
[Black "Luther Thomas (GER)"]
[Result "0-1"]
[WhiteElo "2190"]
[BlackElo "2518"]

1.e4 e6 2.d4 d5 3.Nd2 Nf6 4.e5 Nfd7 5.Bd3 c5 6.c3 Nc6 7.Ne2 cxd4 8.cxd4 f6
9.exf6 Qxf6 10.Nf3 h6 11.Nf4 Bb4+ 12.Kf1 O-O 13.Ng6 Rf7 14.h4 e5 15.Bg5 Qe6
16.dxe5 Ndxe5 17.Nfxe5 Nxe5 18.Nf4 Qb6 19.Qe2 hxg5 20.Nxd5 Qd4 21.Nxb4 Bg4
22.f3 Nxf3 23.gxf3 Bxf3 {#R} 0-1

[Event "Staatsliga B South 1992/93"]
[Site "Austria"]
[Round "0"]
[White "Hoffmann Erich (GER)"]
[Black "Waldmann Gerald (AUT)"]
[Result "0-1"]
[WhiteElo "1927"]
[BlackElo "2208"]

1.e4 e6 2.d4 d5 3.Nd2 Nf6 4.e5 Nfd7 5.Bd3 c5 6.c3 Nc6 7.Ne2 cxd4 8.cxd4 f6
9.Nf4 Nxd4 10.Qh5+ Ke7 11.Ng6+ hxg6 12.exf6+ Nxf6 13.Qxh8 Kf7 14.O-O e5 15.Nf3
Nxf3+ 16.gxf3 e4 17.fxe4 Nh5 18.Be3 Qh4 19.Rfe1 Bd6 20.e5 Bh3 {#R} 0-1